000 01777cam a22004574i 4500
003 PE-LiUPU
005 20250731173126.0
008 150623s r 000 0 d
035 _a(Sirsi) a25939
040 _aPE-LiUPU
_bspa
_cPE-LiUPU
_erda
082 0 4 _a220.63
_bB13
_221
100 1 _aBacchiocchi, Samuele,
_eautor.
245 1 0 _aGod's festivals :
_bin scripture and history.I /
_cSamuele Bacchiocchi.
250 _b
264 1 _aBerrien Springs, Michigan :
_bBiblical Perspectives,
_c1995.
300 _a252 páginas ;
_c23 cm.
336 _atext
_2rdacontent
337 _aunmediated
_2rdamedia
338 _avolume
_2rdacarrier
490 0 _aBiblical Perspectives ;
_v11
504 _aIncluye bibliografía.
505 0 _aA preview of the book. Passover in the Old Testament. Passover in the New Testament. Passover in the early church. the observance of passover today. Pentecost in the Old Testament. Pentecost in the New Testament. Pentecost in the early church. The observance of pentecost today.
526 _aSEG42
526 _aSEG41
526 _aSEG40
526 _aSEG39
526 _aP94
526 _aP87
526 _aP86
526 _aP85
526 _aP77
526 _aP76
526 _aP35
650 0 4 _aHermenéutica bíblica.
650 0 4 _aFestividades religiosas
_xPrimavera (Judaísmo).
942 _2ddc
_cBOOK
949 _a220.63 B13 I
_wDEWEY
_c1
_i51210
_lCCODEBUL1
_mBUL
_p10.00
_r0
_sY
_tBOOK
_u2015-06-24
_xTEOLOGIA
_PP35
_0COMPRA
_o.STAFF. Colección General
596 _a1
999 _a220.63 B13 I
_wDEWEY
_c32915
_i51210
_f2021-11-11
_g4
_lCCODEBUL1
_mBUL
_p10.00
_r0
_sY
_tBOOK
_u2015-6-24
_xTEOLOGIA
_PP35
_0COMPRA
_o.STAFF. Colección General
_d32915
980 _81
_gALBERTO SANCHEZ Responsable de Automatización